Norma y acción (Registro nro. 5856)

Detalles MARC
000 -LEADER
fixed length control field 00913 a2200193 4500
001 - CONTROL NUMBER
control field 54970
005 - DATE AND TIME OF LATEST TRANSACTION
control field 20260407155825.0
008 - FIXED-LENGTH DATA ELEMENTS--GENERAL INFORMATION
fixed length control field 260407a1970 arg spa d
003 - CONTROL NUMBER IDENTIFIER
control field AR-UNSa-BCEJYS
040 ## - CATALOGING SOURCE
Original cataloging agency AR-UNSa-BCEJYS
Language of cataloging spa
Transcribing agency AR-UNSa-BCEJYS
080 ## - UNIVERSAL DECIMAL CLASSIFICATION NUMBER
Universal Decimal Classification number 16
Common auxiliary subdivision Lógica. Epistemología. Teoría del conocimiento
100 1# - MAIN ENTRY--PERSONAL NAME
Personal name Wright, Georg Henrik von
245 10 - TITLE STATEMENT
Title Norma y acción
Name of part/section of a work Una investigación lógica
264 #1 - PRODUCTION, PUBLICATION, DISTRIBUTION, MANUFACTURE, AND COPYRIGHT NOTICE
Place of production, publication, distribution, manufacture Madrid :
Name of producer, publisher, distributor, manufacturer Tecnos
Date of production, publication, distribution, manufacture, or copyright notice 1970
300 ## - PHYSICAL DESCRIPTION
Extent 216 p.
Dimensions 23 cm.
505 ## - FORMATTED CONTENTS NOTE
Formatted contents note 1. De las normas en general – 2. Preliminares lógicas: la lógica del cambio – 3. Acto y habilidad – 4. La lógica de la acción – 5. El análisis de las normas – 6. Normas, lenguaje y verdad – 7. Normas y existencia – 8. Lógica deóntica: normas categóricas – 9. Lógica deóntica: normas hipotéticas – 10. Normas de orden superior.
590 ## - LOCAL NOTE (RLIN)
Local note niveau_biblio:m niveau_hierar:0
942 ## - ADDED ENTRY ELEMENTS (KOHA)
Koha item type
Existencias
Withdrawn status Lost status Damaged status Not for loan Home library Current library Shelving location Date acquired Total checkouts Full call number Barcode Date last seen Price effective from Koha item type
        Biblioteca Prof. Eusebio Cleto del Rey Biblioteca Prof. Eusebio Cleto del Rey   07/04/2026   16 W946 L23260 07/04/2026 07/04/2026 Libro